Managing effectively
| Main Author: | |
|---|---|
| Other Authors: | |
| Format: | Book |
| Published: |
Petaling Jaya, Selangor :
Pelanduk Pub. ,
1993
|
| Subjects: |
MARC
| LEADER | 00000cam a2200000 7i4500 | ||
|---|---|---|---|
| 001 | 0000000844 | ||
| 005 | 20001016.0 | ||
| 020 | 0 | 0 | |a 9679784274 |
| 090 | 0 | 0 | |a 658.4 |b BER 1993 |
| 100 | 1 | 0 | |a BERK |h Joseph |c 1951- |
| 245 | 1 | 0 | |a Managing effectively |c Joseph & Susan Berk |
| 260 | 0 | 0 | |a Petaling Jaya, Selangor : |b Pelanduk Pub. , |c 1993 |
| 300 | |a 192 p. ; |c 22 cm. | ||
| 500 | 0 | 0 | |a Includes bibliogaphical references and index |
| 650 | 0 | 0 | |a Industrial management |
| 700 | 0 | 1 | |a Berk |h Susan , |c 1955- |
| 999 | |a 0000001850 |b Monograph |c Open Shelf |e Default branch | ||